Discurso del Presidente del comité de organización y propaganda / (Record no. 147155)
[ view plain ]
| 000 -LEADER | |
|---|---|
| campo de control de longitud fija | 00649nam a2200181 i 4500 |
| 001 - NÚMERO DE CONTROL | |
| campo de control | 147155 |
| 003 - IDENTIFICADOR DE NÚMERO DE CONTROL | |
| campo de control | ES-MaACL |
| 005 - FECHA Y HORA DE LA ÚLTIMA TRANSACCIÓN | |
| campo de control | 20231223063104.0 |
| 007 - CAMPO FIJO DE DESCRIPCIÓN FÍSICA--INFORMACIÓN GENERAL | |
| campo de control de longitud fija | t| |
| 008 - DATOS DE LONGITUD FIJA--INFORMACIÓN GENERAL | |
| campo de control de longitud fija | 070921q1917 sp ||||1| spa d |
| 100 1# - ENTRADA PRINCIPAL--NOMBRE DE PERSONA | |
| Nombre de persona | Turró, Ramón, |
| Fechas asociadas al nombre | 1854-1926 |
| 9 (RLIN) | 111758 |
| 245 10 - MENCIÓN DEL TÍTULO | |
| Título | Discurso del Presidente del comité de organización y propaganda / |
| Mención de responsabilidad, etc. | Ramón Turró. |
| 260 ## - PUBLICACIÓN, DISTRIBUCIÓN, ETC. | |
| Lugar de publicación, distribución, etc. | La Coruña : |
| Nombre del editor, distribuidor, etc. | [s.n.], |
| Fecha de publicación, distribución, etc. | [1917?] |
| 500 ## - NOTA GENERAL | |
| Nota general | Precede al Tít: IV Asamblea Nacional veterinaria. Barcelona. octubre de 1917. |
| 711 2# - ENTRADA AGREGADA--NOMBRE DE REUNIÓN | |
| Nombre de congreso/reunión o jurisdicción como elemento de entrada | Asamblea Nacional Veterinaria ( |
| Número del congreso/reunión o número de parte o sección | 4ª. |
| Fecha del congreso o de la firma del tratado | 1917. |
| Sede del congreso/Lugar de la reunión | Barcelona) |
| 9 (RLIN) | 158492 |
| 852 ## - LOCALIZACIÓN | |
| Ubicación | ES-MaACL |
| Número de control de estantería | 1561-F-13 |
| Estatus retirado | Estado de pérdida | Estado de daño | No para préstamo | Colección | Biblioteca de origen | Biblioteca actual | Ubicación en estantería | Fecha de adquisición | Fuente de adquisición | Total de préstamos | Signatura topográfica completa | Código de barras | Visto por última vez | Precio de reemplazo | Tipo de ítem Koha |
|---|---|---|---|---|---|---|---|---|---|---|---|---|---|---|---|
| Colección de folletos | Biblioteca del Ateneo de Madrid | Biblioteca del Ateneo de Madrid | Depósito folletos | 17/01/2008 | 1561-F-13 | 1153568 | 23/02/2023 | 23/02/2023 | Folleto |
